| 000 | 00000nas 2200000zi 4500 |
| 001 | 9.942655 |
| 003 | CaOODSP |
| 005 | 20250217140154 |
| 006 | m o d f |
| 007 | cr ||||||||||| |
| 008 | 240830d19721988oncar p o f0###a0eng|d |
| 040 | |aCaOODSP|beng|erda|cCaOODSP |
| 043 | |an-cn--- |
| 086 | 1 |aST1E-PDF |
| 110 | 1 |aCanada. |bMinistry of State, Science and Technology, |eauthor, |eissuing body. |
| 245 | 10|aAnnual report ... |
| 264 | 1|a[Ottawa] : |bMinistry of State, Science and Technology, |c1973-1989. |
| 310 | |aAnnual |
| 336 | |atext|btxt|2rdacontent |
| 337 | |acomputer|bc|2rdamedia |
| 338 | |aonline resource|bcr|2rdacarrier |
| 362 | 1 |aBegan with 1971/72; ceased with 1987/88. |
| 500 | |aIssued also in French under title: Rapport annuel ... |
| 500 | |aDigitized edition from print [produced by Innovation, Science and Economic Development Canada]. |
| 515 | |aReport year ends March 31. |
| 546 | |aText in English and French for 1972/73, 1973/74, and 1974/75. |
| 580 | |aMerged with: Canada. Department of Regional Industrial Expansion. DRIE annual report, to become: DRIE and MOSST annual report. |
| 610 | 10|aCanada. |bMinistry of State, Science and Technology |vPeriodicals. |
| 650 | 0|aScience|zCanada|vPeriodicals. |
| 650 | 0|aTechnology and state|zCanada|vPeriodicals. |
| 655 | 7|aPeriodicals|2lcgft |
| 775 | 08|tRapport annuel ...|w(CaOODSP)9.942658 |
| 785 | 00|tDRIE and MOSST annual report.|w(CaOODSP)9.872124 |